000 00617nam a22002297a 4500
003 UA-OsUOA
001 93323
007 ta
008 20130117b un ||||| |||| 00| 0 ukr d
090 _a821.161.1
_bВ11
942 _cBK
040 _aUA-OsUOA
_brus
_cUA-OsUOA
_dUA-OsUOA
245 _aВ редакцию не вернулся...
_cП. Корзинкин
300 _a382 с.
955 _a3
041 _arus
080 _a821.161.1
260 _aМ.
_bПолитиздат
_c1967
246 3 1 _aКн.2
_n
650 7 _a82 Література. Літературознавство
_2UDC
999 _c379568
_d379568